000 00969nac a22002771i 4500
003 EG-ScBUE
005 20241013134806.0
008 241013t1998 njua f b 001 0 eng d
020 _a0133214311
020 _a9780133214314
040 _aEG-ScBUE
_beng
_erda
_cEG-ScBUE
_dEG-ScBUE
082 0 4 _a515.14
_bGRE
_222
100 1 _aGreenberg, Michael D.,
_eauthor.
245 1 0 _aAdvanced engineering mathematics /
_cMichael D. Greenberg, Department of Mechanical Engineering, University of Delaware, Newark, Delaware.
250 _aSecond edition.
264 1 _aUpper Saddle River, N.J. :
_bPrentice Hall,
_c[1998]
264 4 _cc1998
300 _axix, 1324 pages :
_billustrations ;
_c26 cm
336 _2rdacontent
_atext
_btxt
337 _aunmediated
_2rdamedia
_bn
338 _avolume
_bnc
_2rdacarrier
504 _aIncludes bibliographical references and index.
650 7 _aEngineering mathematics.
_2BUEsh
655 _vReading book
942 _cBB
_2ddc
999 _c1219
_d1219